Datum a čas kvízu
41
Celkem bodů
Celkový počet nahraných bodů na tomto kvízu bez doplňovacích otázek.
3.
Pořadí na kvízu
Konečné umístění týmu na tomto kvízu.
Zaznamenané odpovědi
| # | Otázka | Odpověď | Body | Výsledky |
|---|---|---|---|---|
| 1. | Na fotce vidíme část peněz zac... | Morava | 1 | |
| 2. | Dílo italského umělce Maurizia... | banán | 1 | |
| 3. | 70letá herečka Pamela Hayden,... | Milhouse (Van Houten) | 1 | |
| 4. | Minulý týden jsme se dozvěděli... | D) aby zemřel | 1 | |
| 5. | Ve španělské Malaze se konalo... | Itálie | 1 | |
| 6. | Začneme ve Sluneční soustavě.... | Merkur | 1 | |
| 7. | Níže jsou tři měsíce Jupiteru... | D | 1 | |
| 8. | Třetí otázka se bude týkat sou... | Kasiopeja | 1 | |
| 9. | Nyní se podíváme na velmi vzdá... | Koňská hlava | 1 | |
| 10. | V poslední otázce se podíváme... | D) pulsar | 0 |